Регионална библиотека "Любен Каравелов" - Русе

Вдън гората Дикчам (Запис номер 426471)

MARC детайли
000 -Лидер
Контролно поле с фиксирана дължина 01004nam a2200289 a 4500
003 - Код на организацията, давaща контролен номер
Контролно поле BLK
005 - Дата и час на последна редакция
Контролно поле 20250802103234.0
008 - Елементи от данни с фиксирана дължина
fixed length control field 180409b bul|||||r ||||||| ||bul||
010 ## - Наследен системен номер
LC control number KNG00133495000
020 ## - Международен стандартен номер на книга ISBN
Международен стандартен номер на книга ISBN 9789542620389
040 ## - Източник на каталожния запис
Идентификатор на билиотеката - собственик на записа BLK
041 ## - Код за език
Код за езика на текст/звукозапис или на отделно заглавие Български
Код за езика КДБФ Български
080 ## - УДК
Текстов определител УДК Българска литература
УДК код - определител по УДК 821.163.2
УДК определител -32
УДК - код + определител 821.163.2-32
080 ## - УДК
Текстов определител УДК Българска литература
УДК код - определител по УДК 821.163.2
УДК определител -4
УДК - код + определител 821.163.2-4
100 ## - Редна дума - Автор
Автор Божинов, Георги Петров
R(LIN) 320877
139 ## - Редно поле
Редна дума Божинов, Георги
Авторски знак Бож - Б 56
245 10 - Сведения за заглавието
Заглавие Вдън гората Дикчам
Подзаглавни данни Разкази и очерци
Редно поле (дума) Георги Божинов.
257 ## - Страна на издаване
Страна на създаване/издаване България
260 ## - Област на издателските данни
Име на издателя, разпространителя и проч. Хермес
Година на издаване 2021
9 (RLIN) 209439
Място на издаване, разпространение и проч. Пловдив
Издателство - префикс ISBN 978-954-26- ; 978-954-459-
300 ## - Физическа характеристика
Страници 190 с.
Размери/Мащаб 21 см
380 ## - Жанр
Жанр Худож. лит.
500 ## - Общи забележки
Забележка 3 100 тир.
852 ## - Местоположение
Форматна сигнатура Цб 308738
999 ## - СИСТЕМНИ КОНТРОЛНИ НОМЕРА
Koha biblionumber 426471
Koha biblioitemnumber 426471
942 ## - АРТИКУЛИ
Вид на библиотечния материал Книги
Скрит в OPAC Не
Периодичен библиозапис Да
Koha issues (borrowed), all copies 29
944 ## - СЪЗДАВАНЕ И РЕДАКЦИЯ на ЗАПИСА
Създаване/Редакция Създаване
Дата на регистрацията/редакция 2021-08-03
Статус, дата на статуса Мартин Енчев
Служител, извършил регистрацията/редакцията 30575
999 ## - СИСТЕМНИ КОНТРОЛНИ НОМЕРА
Koha biblioitemnumber 426471
Наличности
Код за отписване Код за изгубен артикул Източник на класификационната схема Код за повреда Коз за рестрикции Код за отдаване Артикулен № Име на библиотеката - собственик Име на библиотеката, в която се намира в момента Статус (Текущо местоположение) Дата на вписване в системата Местоположение - отдел Цена в лева Систематично азбучна сигнатура Баркод Цена в евро Служебен тип на артикула
  Не е изгубен Universal Decimal Classification Не е повреден само за читалня ползва се в читалня 846616 Регионална библиотека "Любен Каравелов" Русе Регионална библиотека "Любен Каравелов" Русе Хранилище 2021-08-04 Хранилище 14.95 Цб 308738 120000858991 7.64 Книги
  Не е изгубен Universal Decimal Classification Не е повреден без рестрикции заемане за дома 862428 Регионална библиотека "Любен Каравелов" Русе Регионална библиотека "Любен Каравелов" Русе Заемна - подръчен фонд 2021-11-16 Заемна - подръчен фонд 10.46 821.163.2-32/Б 56 Г 120000862757 5.35 Книги
  Не е изгубен Universal Decimal Classification Не е повреден без рестрикции заемане за дома 862429 Регионална библиотека "Любен Каравелов" Русе Регионална библиотека "Любен Каравелов" Русе Заемна - подръчен фонд 2021-11-16 Заемна - подръчен фонд 10.46 821.163.2-32/Б 56 Г 120000862756 5.35 Книги
Vip Innovations Ltd, Rousse, Bulgaria 2025